| 000 | 01279nam0a2200361 4500 | ||
|---|---|---|---|
| 001 | RU\NLR\bibl\33115 | ||
| 005 | 20260406044352.0 | ||
| 010 |
_a5-87093-036-7 _96000 |
||
| 021 |
_aRU _b98-39239 _91880 |
||
| 035 | _a(NLR Aleph) 000032280 | ||
| 090 |
_a162619 _c162619 |
||
| 100 | _a19990615d1998 |||y0rusy50 ca | ||
| 101 | 1 |
_arus _ceng |
|
| 102 | _aRU | ||
| 105 | _ay ||||||||| | ||
| 200 | 1 |
_aКровь Христа _fБенни Хинн _g[Пер. с англ. Соколов И.Ю.] |
|
| 205 | _a2-е изд.,испр. | ||
| 210 |
_aСПб. _cБибл. взгляд _d1998 |
||
| 215 |
_a188 с. _d20 |
||
| 300 | _aЗагл. и авт. ориг.:The blood / Benny Hinn | ||
| 300 | _aНа 4-й с. обл. авт.: Бенни Хинн, пастор | ||
| 454 | 0 |
_12001#$aThe blood _1700#1$aHinn$bB.$gBenny$4070 _tThe blood _aHinn, Benny |
|
| 606 | 0 |
_aЕвангелизм _92071114 _3RU\NLR\auth\661245861 |
|
| 606 | 0 |
_aЕвангелизация _92082319 _3RU\NLR\auth\661258340 |
|
| 686 | _aЭ376,0 | ||
| 700 | 1 |
_4070 _8rus _7ca _aХинн _bБ. _gБенни _3RU\NLR\auth\774245 _9114227 |
|
| 801 | 0 |
_aRU _bNLR _c19990615 _gPSBO |
|
| 801 | 1 |
_aRU _bNLR _c19990615 |
|
| 852 |
_aNLR _j99-3/5449 |
||
| 942 | _cBOOK | ||
| 980 | _aNB | ||